|
|
|
|
| LEADER |
00889nas a22002531 4500 |
| 001 |
c000153358 |
| 003 |
CARM |
| 005 |
20020205155259.0 |
| 008 |
770311c19509999ii ar y 0uu0a0eng d |
| 019 |
1 |
|
|a 892348
|5 LACONCORD2021
|
| 035 |
|
|
|a (OCoLC)213806894
|5 LACONCORD2021
|
| 040 |
|
|
|a MUL
|c WaU
|
| 043 |
|
|
|a a-ii---
|
| 245 |
0 |
0 |
|a Industrial India annual.
|
| 260 |
|
|
|a Bombay,
|b A. MacRae.
|
| 300 |
|
|
|a v.
|
| 500 |
|
|
|a Official organ of the All-India Manufacturers' Organization.
|
| 650 |
|
0 |
|a Industries
|z India
|x Periodicals.
|
| 710 |
2 |
|
|a All-India Manufacturers' Organization.
|
| 852 |
8 |
|
|b CARM
|h A2:AG06D0
|i E00391
|p 0096511
|f SE
|
| 866 |
|
0 |
|a 1969-1972/73
|
| 866 |
|
0 |
|a 1969-1972/73
|
| 999 |
f |
f |
|i 106255fb-651d-5edb-8fd8-ff446bcf3617
|s a29dafd8-9b79-5a9e-9cc9-4f92057c048c
|
| 952 |
f |
f |
|p Can circulate
|a CAVAL
|b CAVAL
|c CAVAL
|d CARM 1 Store
|e E00391
|f A2:AG06D0
|h Other scheme
|i book
|k 1969-1972/73
|m 0096511
|